000
00211nam a2200085Ia 4500
008
220204s9999 xx 000 0 und d
245
0
_a
Rules of games and sports
260
_a
New Delhi
_b
YMCA Pub
_c
1960
942
_c
BK
999
_c
24678
_d
24678